| 000 | 00352nam a22001457a 4500 | ||
|---|---|---|---|
| 008 | 210225b ||||| |||| 00| 0 eng d | ||
| 020 | _a9780789546548 | ||
| 041 | _aeng | ||
| 080 | _a004 | ||
| 082 | _a004 | ||
| 100 | _a28 | ||
| 101 | _aSHKI | ||
| 245 |
_aMicrosoft Visual Basic 6 Complete Concepts and Techniques _cFansler, D. L |
||
| 942 |
_2udc _cBK |
||
| 999 |
_c55223 _d55223 |
||